| 000 | 00557nam a2200145Ia 4500 | ||
|---|---|---|---|
| 008 | 140724s9999 xx 000 0 und d | ||
| 050 |
_aLB 1620.5 _b.Uc17 2007 |
||
| 100 | _aUchida, Ryuichi Gene B. | ||
| 245 |
_aFactors affecting career choices of college students in selected educational institutions in Metro Manila / _cRyuichi Gene B. Uchida. |
||
| 260 |
_aLas PiƱas, Philippines : _bSouthville International School and Colleges, _cc2007. |
||
| 300 |
_a79 p. : _bill. ; _c28 cm. |
||
| 521 | _aHuman Resource Management | ||
| 942 | _cTH | ||
| 999 |
_c229083 _d229083 |
||